Villes allemandes en allemand - Statistiques

Statistiques générales
  • Ce quiz a été pris 227 fois
    225 depuis la dernière actualisation
  • Le résultat moyen est 12 sur 15
Statistiques - réponses
Ville en français Et en allemand % Correct
Munich München
96%
Hambourg Hamburg
95%
Fribourg Freiburg
94%
Francfort-sur-le-Main Frankfurt am Main
93%
Cologne Köln
93%
Dresde Dresden
89%
Hanovre Hannover
88%
Augsbourg Augsburg
87%
Brême Bremen
87%
Duisbourg Duisburg
84%
Cassel Kassel
74%
Brandebourg Brandenburg
72%
Nuremberg Nürnberg
66%
Aix-la-Chapelle Aachen
58%
Trèves Trier
43%
Aucun quiz correspondant
Distribution des résultats
% des personnes avec chaque résultat
Percentile par nombre de réponses
Votre historique - résultats
Vous n’avez pas pris ce quiz depuis la dernière actualisation